Η συβαρίτισσα : μυθιστόρημα
Saved in:
| Main Author: | |
|---|---|
| Format: | Book |
| Language: | Greek |
| Published: |
Αθήνα :
Γαβριηλίδης,
1990.
|
| Edition: | 8η έκδοση. |
| Subjects: | |
| Tags: |
Add Tag
No Tags, Be the first to tag this record!
|
MARC
| LEADER | 00000cam a2200000 a 4500 | ||
|---|---|---|---|
| 001 | 1/124951 | ||
| 008 | 220531s1990####gr | ||| |||| ||gre|| | ||
| 040 | |a GR-MyUa |b gre |c GR-MyUa |e AACR2 | ||
| 041 | 0 | |a gre | |
| 082 | 7 | |a 889.3 |2 (23) | |
| 100 | 1 | |a Ζωγράφου, Λιλή, |d 1922-1998. | |
| 245 | 1 | 2 | |a Η συβαρίτισσα : |b μυθιστόρημα / |c Λιλή Ζωγράφου. |
| 250 | |a 8η έκδοση. | ||
| 260 | |a Αθήνα : |b Γαβριηλίδης, |c 1990. | ||
| 300 | |a 406 σ. ; |c 21 εκ. | ||
| 650 | 0 | |a Greek fiction. | |
| 970 | |a Κοντού |b Παρασκευή |z 31/05/2022 | ||